00951nam a22002777a 45000010005000000030006000050050017000110080041000280200018000690400029000870500017001160820011001331000018001442450062001622600041002243000048002654900049003135050008003625200121003705210029004915210020005206500051005406500024005916500037006156500021006527695FISKH20250731113608.0250731b cb ||||| |||| 00| 0 eng d a9780516422787 aFISKHbengcFISKHdFISKH aND237.C3 V46 a759.13 aVenezia, Mike aMary Cassatt /cWritten and illustrated by Mike Venezia  aChicago : bChildren Press , c1993. a32 pages : bcolor illustrations ;c24 cm.  aGetting to Know the World's Greatest Artists aO  aBriefly examines the life and work of the American Impressionist painter, describing and giving examples of her art.8 a600 bLexile estimate 8 aO bRaz-Plus  aCassatt, Mary, 1844-1926vJuvenile Literature  aPainting, Ameriacan aPainting, Modern- United States  aArt appreciation